Представление документа в формате MARC21

Поле Инд. ПП Название Значение
Тип записи a
Библиографический уровень m
001 Контрольный номер RU/LIBMSTU/229614706
005 Дата корректировки 20200605123321.7
008 Кодируемые данные 070416|||||||||ru |||||||||||000|||rus||
020 a ISBN 5-93295-275-7
c Цена, тираж 60-00
040 b Код языка каталог. rus
e Правила каталог. RSBO
041 0_ a Код языка текста rus
084 a Индекс другой классификации/Индекс ББК 67.52
090 a Полочн. индекс 67.52
x Авторский знак К 63
100 1_ a Автор Комиссаров В. И.
245 10 a Заглавие Первоначальный этап расследования изнасилований, совершаемых группой несовершеннолетних
260 a Место издания Москва
b Издательство Юрлитинформ
c Дата издания 2007
300 a Объем 193, [2] с.
440 _0 a Серия Библиотека криминалиста
504 a Библиография Библиогр.: с. 152-176
650 04 a Основная рубрика Криминалистическая методика
653 0_ a Ключевые слова Несовершеннолетние
a Ключевые слова Преступления против личности
a Ключевые слова Расследование преступлений
700 12 a Другие авторы Лялина Е. В.
901 t Тип документа m